Statystyki dla Największe miasta w Polsce na literę N

Kliknij tutaj aby rozwiązać quiz!

Ogólne statystyki

  • Ten quiz został rozwiązany 2 121 razy
  • Średni wynik to 4 z 10

Statystyki odpowiedzi

Rank.Liczba mieszańcówWojewództwoMiasto% Poprawnych
1.83.795małopolskieNowy Sącz
79%
2.43.681opolskieNysa
68%
4.33.293małopolskieNowy Targ
64%
8.16.596opolskieNamysłów
48%
7.18.189kujawsko-pomorskieNakło nad Notecią
41%
3.38.645lubuskieNowa Sól
40%
5.28.679mazowieckieNowy Dwór Mazowiecki
36%
10.15.331podkarpackieNisko
30%
6.21.908dolnośląskieNowa Ruda
15%
9.16.585zachodniopomorskieNowogard
15%

Rozkład punktacji

Percentyl według liczby udzielonych odpowiedzi

Procent ludzi z każdym wynikiem

Twoja historia wyników

Nie rozwiązałeś tego quizu